THERMAL CONDUCTIVITY OF GASES AND LIQUID (Record no. 580783)
[ view plain ]
| 000 -LEADER | |
|---|---|
| fixed length control field | 00265nam a22001097a 4500 |
| 082 ## - DEWEY DECIMAL CLASSIFICATION NUMBER | |
| Classification number | 534.24 TSE'T |
| 100 ## - MAIN ENTRY--PERSONAL NAME | |
| Personal name | TSEDERBERG, N. V |
| 9 (RLIN) | 75351 |
| 245 ## - TITLE STATEMENT | |
| Title | THERMAL CONDUCTIVITY OF GASES AND LIQUID |
| 260 ## - PUBLICATION, DISTRIBUTION, ETC. | |
| Place of publication, distribution, etc. | MASSACHUSETTES |
| Name of publisher, distributor, etc. | MIT |
| Date of publication, distribution, etc. | 1965 |
| 300 ## - PHYSICAL DESCRIPTION | |
| Extent | 246P |
| 942 ## - ADDED ENTRY ELEMENTS (KOHA) | |
| Koha item type | Book |
| Withdrawn status | Lost status | Damaged status | Not for loan | Permanent Location | Current Location | Shelving location | Date acquired | Total Checkouts | Full call number | Barcode | Date last seen | Price effective from | Koha item type |
|---|---|---|---|---|---|---|---|---|---|---|---|---|---|
| College of Electrical & Mechanical Engineering (CEME) | College of Electrical & Mechanical Engineering (CEME) | General Stacks | 05/18/2017 | 534.24 TSE'T | CEME-13995 | 06/28/2021 | 06/28/2021 | Book |
